Kertünk öntözése /

Hlavní autor: Novotný, Miloslav
Jazyk: Maďarština
Vydáno: Bratislava : Príroda, 1983
Vydání: 1. kiad.
Edice: Kertészkedök könyvtára
Témata:
Fyzický popis: 153 s.
Knihy
Uloženo v:
LEADER 00881nam a22002892a 4500
001 000403403
003 CZ BrMZK
005 20101220095839.0
007 ta
008 990315s1983 xo f hun d
040 |a BOA001  |b cze 
041 1 |a hun  |h cze 
100 1 |a Novotný, Miloslav  |7 jk01090752  |4 aut 
245 1 0 |a Kertünk öntözése /  |c Miloslav Novotný 
250 |a 1. kiad. 
260 |a Bratislava :  |b Príroda,  |c 1983 
300 |a 153 s. 
490 1 |a Kertészkedök könyvtára 
500 |a Přeloženo z češtiny 
504 |a Obsahuje bibliografii 
765 0 |t Zavlažujeme v záhradkách  |9 Maďarsky 
830 0 |a Kertészkedök könyvtára 
910 |a BOA001  |b 2-0862.865 
964 |a Zahrádkářství 
964 |a Zavlažování - zahrádky 
990 |a BK 
996 7 |b 2619793500  |c 2-0862.865  |l MZK  |r Sklad / do 1 hodiny  |n 2  |w 000403403  |u 000010  |a 1  |e BOA001  |j MZK50  |s A